Drogas y políticas sobre drogas: lo que todo el mundo necesita saber /
El consumo y el abuso de las drogas son tan antiguos como las advertencias bíblicas a propósito de la ebriedad y tan nuevos como las llamadas "drogas de diseñador". Ya sean legales, las drogas pueden brindarles placer inofensivo a algunas personas que las consumen, mientras que otras más p...
| Autore principale: | |
|---|---|
| Altri autori: | , |
| Natura: | Libro |
| Lingua: | Spanish English |
| Pubblicazione: |
Bogotá:
Universidad de los Andes,
2014.
|
| Edizione: | Primera edición. |
| Soggetti: |
MARC
| LEADER | 00000nam a2200000 i 4500 | ||
|---|---|---|---|
| 003 | Ucuenca | ||
| 005 | 20240103062714.0 | ||
| 006 | a||||gr|||| 001 0 | ||
| 007 | ta | ||
| 008 | 200107s20142011ck gr 001 0 spa a | ||
| 999 | |c 158649 |d 158649 | ||
| 020 | |a 978-958-695-934-6 | ||
| 040 | |a UCuenca-cdrjbv |b spa |c UCuenca |e rda | ||
| 041 | 1 | |a spa |h eng | |
| 082 | 0 | |2 22 |a 362.29 |c 29454427 | |
| 100 | 1 | |9 241004 |a Kleiman, Mark A. R. |e autor | |
| 240 | 1 | |a Drugs and drug Policy: What Everyone Needs to Know. |l English | |
| 245 | 1 | 0 | |a Drogas y políticas sobre drogas: |b lo que todo el mundo necesita saber / |c Mark A. R. Kleiman, Jonathan P. Caulkins y Angela Hawken. |
| 250 | |a Primera edición. | ||
| 264 | 1 | |a Bogotá: |b Universidad de los Andes, |c 2014. | |
| 264 | 4 | |c ©2011 | |
| 300 | |a xxiv, 233 páginas: |c 24 cm | ||
| 336 | |2 rdacontent |a texto |b txt | ||
| 337 | |2 rdamedia |a no mediado |b n | ||
| 338 | |2 rdacarrier |a volumen |b nc | ||
| 504 | |a incl. bibind. | ||
| 505 | 1 | |a ¿Por qué hablar de drogas es hablar de un problema? -- ¿Por qué tener leyes antidrogas -- ¿Cómo funciona la aplicación de las leyes antidrogas? -- ¿Qué previene el abuso de drogas? -- ¿Cómo se trata el abuso de drogas? -- ¿Cuánto crimen está relacionado con las drogas? -- ¡Cuáles son los beneficios del consumo de drogas?. | |
| 520 | 3 | |a El consumo y el abuso de las drogas son tan antiguos como las advertencias bíblicas a propósito de la ebriedad y tan nuevos como las llamadas "drogas de diseñador". Ya sean legales, las drogas pueden brindarles placer inofensivo a algunas personas que las consumen, mientras que otras más pueden tener un mal comportamiento bajo su influencia o desarrollar una adicción. En este trabajo, tres reconocidas autoridades en el tema abordan el asunto con gran claridad y sin sesgos ideológicos, y lo analizan desde el punto de vista farmacológico, económico y político, al tiempo que exploran tanto sus beneficios como el vínculo que existe entre estas y las enfermedades, el crimen y el terrorismo. | |
| 650 | 1 | 7 | |2 UCuenca-cdrjbv |9 8073 |a Drogas |
| 650 | 1 | 7 | |a Problemas sociales |9 322 |
| 700 | 1 | |9 241005 |a Caulkins, Jonathan P. |e autor | |
| 700 | 1 | |9 241006 |a Hawken, Angela. |e autor | |
| 942 | |2 ddc |c BK |z erika.penafielv@ucuenca.edu.ec |0 1 | ||